| 000 | 00420nam a22001337a 4500 | ||
|---|---|---|---|
| 082 |
_a297.63 _bSHE _cl-31-11, P-28 |
||
| 100 |
_aKhetab, Muhammad Sheit _947206 |
||
| 245 |
_aاآں حضرت بحیشیت سپہ سالار _cKhetab, Muhammad Sheit |
||
| 260 |
_aLahore _bElmi printing press lahore |
||
| 300 |
_a636p.: _bill,; _c15 cm. |
||
| 526 |
_a0 _b0 _c0 _d297_630000000000000_SHE |
||
| 650 |
_aMCE _9379 |
||
| 942 |
_2ddc _cBK |
||
| 999 |
_c550497 _d550497 |
||